Statistiques concernant Paroles Another Love de Tom Odell

Cliquez ici pour prendre le quiz!

Statistiques générales

  • Ce quiz a été pris 321 fois
  • Le résultat moyen est 249 sur 293

Statistiques - réponses

Réponse% Correct
a
99%
I
99%
you
98%
love
97%
win
97%
So
96%
so
96%
And
95%
and
95%
another
95%
My
95%
my
95%
wanna
95%
but
93%
But
93%
All
92%
all
92%
be
92%
On
90%
tears
90%
been
89%
know
89%
feel
88%
have
88%
use
88%
kiss
86%
make
86%
used
86%
to
85%
alright
84%
don't
84%
take
84%
somewhere
83%
where
83%
it's
82%
up
82%
cold
81%
cry
81%
care
80%
pretty
77%
they
76%
just
75%
voice
74%
fucking
73%
many
71%
share
71%
brought
70%
fight
70%
I'm
70%
in
70%
broken
69%
I'll
69%
rude
69%
times
69%
tired
69%
hand's
68%
if
68%
last
68%
sing
68%
string
68%
always
67%
somebody
67%
song
67%
won't
67%
lose
66%
spring
66%
did
65%
flower
65%
like
65%
heart
64%
hurts
61%
nights
60%
too
60%
daffodils
55%
learn
55%
one
54%
ours
54%
fall
52%
sang
51%
Words
51%
Oh
42%
I'd
41%
'em
38%
is
34%
that'd
34%
of
28%
now
24%
need
21%
thinking
17%

Distribution des résultats

Percentile par nombre de réponses

% des personnes avec chaque résultat

Votre développement - résultats

Vous n’avez pas pris ce quiz